Statistiques concernant Tous les joueurs de l'ASSE depuis 2011

Cliquez ici pour prendre le quiz!

Statistiques générales

  • Ce quiz a été pris 684 fois
  • Le résultat moyen est 54 sur 144

Statistiques - réponses

DatesPosteNationalitéNom% Correct
2011-2020GardienFranceStéphane Ruffier
99%
2021-GardienAngleterreEtienne Green
96%
2012-2021GardienFranceJessy Moulin
91%
2011-2020DéfenseurFranceLoïc Perrin
89%
2011-2013AttaquantGabonPierre-Emerick Aubameyang
83%
2012-AttaquantFranceRomain Hamouma
80%
2012-2016DéfenseurSénégalMoustapha Bayal Sall
77%
2018-AttaquantTunisieWahbi Khazri
76%
2015-2019AttaquantSlovénieRobert Beric
71%
2019-2020DéfenseurFranceWesley Fofana
70%
2018-2020DéfenseurFranceWilliam Saliba
70%
2012-2014AttaquantBrésilBrandao
69%
2011-2014DéfenseurAlgérieFaouzi Ghoulam
69%
2022-GardienFrancePaul Bernardoni
69%
2019-AttaquantGabonDenis Bouanga
66%
2018-2021DéfenseurFranceMathieu Debuchy
65%
2011-2015AttaquantCôte d'IvoireMax-Alain Gradel
65%
2011-2017MilieuFranceFabien Lemoine
64%
2017-DéfenseurBrésilGabriel Silva
62%
2019-DéfenseurPérouMiguel Trauco
62%
2018-MilieuFranceMahdi Camara
60%
2016-2019MilieuNorvègeOle Selnaes
60%
2018-DéfenseurFranceThimothée Kolodziejczak
60%
2022-DéfenseurMaliFalaye Sacko
59%
2017-2019MilieuFranceRémy Cabella
59%
2011-2017MilieuFranceJérémy Clément
57%
2019-MilieuAlgérieRyad Boudebouz
57%
2020-DéfenseurGuinéeSaïdou Sow
57%
2019-2022GardienFranceStefan Bajic
56%
2016-AttaquantFranceArnaud Nordin
55%
2012-2015DéfenseurFranceFrançois Clerc
55%
2018-2020MilieuFranceYann M'vila
55%
2017-DéfenseurFranceMickaël Nadé
53%
2018-2019DéfenseurSerbieNeven Subotic
53%
2016-2018AttaquantNorvègeAlexander Soderlund
52%
2019-DéfenseurCamerounHarold Moukoudi
52%
2021AttaquantUruguayIgnacio Ramirez
52%
2020-AttaquantCôte d'IvoireJean-Philippe Krasso
52%
2011-2012 / 2022-MilieuMaliBakary Sako
51%
2013-2018DéfenseurGuinéeFlorentin Pogba
51%
2014-2021AttaquantFranceKévin Monnet-Paquet
51%
2013-2015AttaquantTurquieMevlüt Erding
51%
2011-2014DéfenseurFranceKurt Zouma
50%
2012-2016MilieuFranceRenaud Cohade
49%
2012-2016DéfenseurFranceJonathan Brison
48%
2019-DéfenseurEspagneSergi Palencia
47%
2013-2015AttaquantFranceYohan Mollo
46%
2013-2016DéfenseurFranceFranck Tabanou
44%
2020-MilieuCamerounYvan Neyou
44%
2020-DéfenseurFranceYvann Maçon
44%
2014-2015AttaquantPays-BasRicky van Wolfswinkel
43%
2016-2018DéfenseurSuisseLéo Lacroix
42%
2020-MilieuFranceAdil Aouchiche
41%
2018-AttaquantFranceCharles Abi
41%
2022-AttaquantFranceEnzo Crivelli
41%
2014DéfenseurFranceBenoît Trémoulinas
40%
2022-DéfenseurFranceEliaquim Mangala
40%
2015-2018AttaquantFranceJonathan Bamba
40%
2020-MilieuFranceLucas Gourna-Douath
40%
2016-2018AttaquantMarocOussama Tannane
40%
2020-MilieuFranceAimen Moueffek
38%
2019-MilieuFranceZaydou Youssouf
38%
2011-2014MilieuFranceJoshua Guilavogui
37%
2014-2018DéfenseurFranceKévin Théophile-Catherine
37%
2016-2018GardienFranceAnthony Maisonnial
36%
2017-2020AttaquantFranceLoïs Diony
36%
2015-2018MilieuFranceVincent Pajot
35%
2017-MilieuSénégalAssane Dioussé
34%
2016-2017MilieuFranceJordan Veretout
34%
2015-2018DéfenseurFranceKévin Malcuit
34%
2015-2017AttaquantFranceNolan Roux
34%
2019-2020MilieuFranceYohan Cabaye
34%
2017-2019MilieuCap-VertKenny Rocha Santos
33%
2020-AttaquantFranceMaxence Rivera
33%
2021DéfenseurSénégalPape Abou Cissé
33%
2013-2015AttaquantFranceAllan Saint-Maximin
32%
2016-2018MilieuBurkina FasoBryan Dabo
32%
2016-2018DéfenseurSénégalCheikh M'Bengue
32%
2015-2018DéfenseurFranceRonaël Pierre-Gabriel
32%
2020-2021DéfenseurFranceAlpha Sissoko
31%
2015-2016DéfenseurCamerounBenoît Assou-Ekotto
31%
2013AttaquantCôte d'IvoireIbrahim Sissoko
31%
2022-DéfenseurFranceAbdoulaye Bakayoko
30%
2013-2017MilieuFranceBenjamin Corgnet
30%
2022-MilieuSénégalSada Thioub
30%
2019MilieuArgentineValentin Vada
30%
2011-2013MilieuRoumanieBanel Nicolita
29%
2019-MilieuAlgérieBilal Benkhedim
29%
2016-2017MilieuSénégalHenri Saivet
29%
2012-2019DéfenseurFrancePierre-Yves Polomat
29%
2011-2016MilieuCôte d'IvoireIsmaël Diomandé
28%
2020-2021DéfenseurGrècePanagiotis Retsos
28%
2021AttaquantFranceAnthony Modeste
27%
2011AttaquantArgentineGonzalo Bergessio
27%
2011-2013DéfenseurFranceJean-Pascal Mignot
27%
2011DéfenseurÉtats-UnisCarlos Bocanegra
26%
2017-2018AttaquantCap-VertVagner Dias
25%
2015-2016MilieuFranceValentin Eysseric
25%
2011-2012MilieuFranceLaurent Battles
24%
2018AttaquantCamerounPaul-Georges Ntep
24%
2017-2018MilieuBrésilHernani
23%
2018-2019AttaquantSénégalMakhtar Gueye
23%
2019MilieuMarocYoussef Aït Bennasser
23%
2011-2012MilieuArgentineAlejandro Alonso
22%
2015-2016AttaquantFranceJean-Christophe Bahebeck
22%
2015MilieuCamerounLandry N'Guemo
22%
2017-2018MilieuCôte d'IvoireHabib Maïga
21%
2017-2018DéfenseurGambieSaidy Janko
21%
2014-2015DéfenseurFrance
Paul Baysse
20%
2013MilieuFranceMathieu Bodmer
20%
2017AttaquantGuinée-BissauJorginho
19%
2011-2012DéfenseurFranceSylvain Marchal
19%
2015-2016AttaquantFranceNeal Maupay
18%
2021-AttaquantSénégalEl Hadji Dieye
17%
2019-2020MilieuFranceFranck Honorat
17%
2011-2013AttaquantAlgérieIdriss Saadi
16%
2019-2020MilieuCôte d'IvoireJean-Eudes Aholou
16%
2011MilieuFranceSteed Malbranque
16%
2021-AttaquantFranceYanis Lhery
16%
2018-2019AttaquantFranceYannis Salibur
16%
2015-2016AttaquantFranceDylan Saint-Louis
15%
2017-AttaquantFranceLamine Ghezali
15%
2019-AttaquantGuinée-BissauEdmilson Correia
14%
2011DéfenseurFranceLoris Néry
14%
2011-2012DéfenseurFranceAlbin Ebondo
13%
2021-MilieuFranceBaptiste Gabard
13%
2015-2018DéfenseurCôte d'IvoireBenjamin Karamoko
13%
2015MilieuCap-VertErin Pinheiro
13%
2011-2012AttaquantFranceFlorent Sinama-Pongolle
13%
2021-AttaquantFranceMathys Saban
13%
2012AttaquantCroatieDanijel Aleksic
12%
2012-2013AttaquantFranceKévin Mayi
12%
2011DéfenseurBrésilPaulão
12%
2020-DéfenseurFranceMarvin Tshibuabua
11%
2020-AttaquantFranceAbdoulaye Sidibé
10%
2021-DéfenseurCamerounBryan Nokoue
10%
2018DéfenseurFranceMickaël Panos
10%
2011-2012AttaquantFranceLynel Kitambala
9%
2020-2021AttaquantFranceTyrone Tormin
9%
2017-2021MilieuFranceRayan Souici
8%
2011-2012MilieuFranceYoric Ravet
7%
2021-DéfenseurFranceLucas Calodat
6%
2011DéfenseurFrancePierrick Cros
6%
2017AttaquantFranceHamidou Keyta
5%

Distribution des résultats

Percentile par nombre de réponses

% des personnes avec chaque résultat

Votre développement - résultats

Vous n’avez pas pris ce quiz